| 000 | 00513nam a2200193Ia 4500 | ||
|---|---|---|---|
| 005 | 20240823035708.0 | ||
| 008 | 240823s9999||||xx |||||||||||||| ||und|| | ||
| 020 | _a0-7506-7555-1 | ||
| 041 | _aENGLISH | ||
| 082 | _A660.2804 P5 | ||
| 100 | _aSam Mannan | ||
| 245 | 0 | _aLees Loss Prevention in the process Industries Volume 1 | |
| 250 | _a3rd | ||
| 260 |
_c2005 _bEls _aJapan |
||
| 500 | _aTRANSFERED | ||
| 650 |
_aProcess Industries _bFire Technology & Safety Engineering |
||
| 942 | _cBK | ||
| 999 |
_c201295 _d201295 |
||